000 00310nam a2200157Ia 4500
100 _aMansfield/ Ron
250 _a4
942 _cBK
654 _acomputer
245 _aMastering Word 97
260 _bBPB
_aNew Delhi
_c1997
082 _a4.65
_bMAN
300 _a1074
546 _aENGLISH
999 _c32466
_d32466